<?xml version="1.0" encoding="UTF-8"?>
<record
    xmlns:xsi="http://www.w3.org/2001/XMLSchema-instance"
    xsi:schemaLocation="http://www.loc.gov/MARC21/slim http://www.loc.gov/standards/marcxml/schema/MARC21slim.xsd"
    xmlns="http://www.loc.gov/MARC21/slim">

  <leader>01388nam a22003017a 4500</leader>
  <controlfield tag="001">00228</controlfield>
  <controlfield tag="003">DO-SdBNP</controlfield>
  <controlfield tag="005">20180315114014.0</controlfield>
  <controlfield tag="007">00228</controlfield>
  <controlfield tag="008">160418b  dr 2003||||| |||| 00| 0 spa d</controlfield>
  <datafield tag="040" ind1=" " ind2=" ">
    <subfield code="a">BPMSU</subfield>
    <subfield code="b">spa</subfield>
    <subfield code="c">BPMSU</subfield>
  </datafield>
  <datafield tag="082" ind1="0" ind2="4">
    <subfield code="a">373.6561</subfield>
    <subfield code="b">B715m  2do.  2003</subfield>
  </datafield>
  <datafield tag="100" ind1="1" ind2=" ">
    <subfield code="a">Bonilla, Santiago,</subfield>
    <subfield code="d">1961-</subfield>
  </datafield>
  <datafield tag="245" ind1="1" ind2=" ">
    <subfield code="a">Manual de lengua espa&#xF1;ola II :</subfield>
    <subfield code="b">teor&#xED;a y pr&#xE1;tica,</subfield>
    <subfield code="c">Santiago Bonilla</subfield>
  </datafield>
  <datafield tag="260" ind1=" " ind2=" ">
    <subfield code="a">Santo Domingo :</subfield>
    <subfield code="b">Universitaria,</subfield>
    <subfield code="c">2003.</subfield>
  </datafield>
  <datafield tag="300" ind1=" " ind2=" ">
    <subfield code="a">167  p. : </subfield>
    <subfield code="c">27 cm.</subfield>
  </datafield>
  <datafield tag="500" ind1=" " ind2=" ">
    <subfield code="a">Incluye datos biogr&#xE1;ficos del autor en la contracubierta</subfield>
  </datafield>
  <datafield tag="505" ind1=" " ind2=" ">
    <subfield code="t">La comunicaci&#xF3;n --</subfield>
    <subfield code="t">Consideraciones te&#xF3;ricas sobre comunicaci&#xF3;n --</subfield>
    <subfield code="t">La comunicacioncorporativa suprafilos&#xF3;fica -- --</subfield>
    <subfield code="t">El p&#xE1;rrafo y su estructura --</subfield>
    <subfield code="t">M&#xE9;todos de desarrollo del p&#xE1;rrafo --</subfield>
    <subfield code="t">El resumen --</subfield>
    <subfield code="t">La exposici&#xF3;n --</subfield>
    <subfield code="t">El informe --</subfield>
    <subfield code="t">El comentario --</subfield>
    <subfield code="t">El ensayo --</subfield>
    <subfield code="t">La narraci&#xF3;n --</subfield>
    <subfield code="t">Los tipos de lenguas --</subfield>
    <subfield code="t">El estilo --</subfield>
    <subfield code="t">Las im&#xE1;genes art&#xED;sticas --</subfield>
    <subfield code="t">Figuras literarias --</subfield>
    <subfield code="t">La descripci&#xF3;n.</subfield>
  </datafield>
  <datafield tag="650" ind1=" " ind2="4">
    <subfield code="a">ESPA&#xD1;OL</subfield>
    <subfield code="x">ENSE&#xD1;ANZA UNIVERSITARIA</subfield>
  </datafield>
  <datafield tag="650" ind1=" " ind2="4">
    <subfield code="a">ESPA&#xD1;OL</subfield>
    <subfield code="x">EDUCACI&#xD3;N UNIVERSITARIA</subfield>
  </datafield>
  <datafield tag="650" ind1=" " ind2="4">
    <subfield code="a">ESPA&#xD1;OL </subfield>
    <subfield code="x">ESTUDIOS Y EJERCICIOS</subfield>
  </datafield>
  <datafield tag="650" ind1=" " ind2="4">
    <subfield code="a">ESPA&#xD1;OL</subfield>
    <subfield code="x">LIBROS DE TEXTOS</subfield>
  </datafield>
  <datafield tag="650" ind1=" " ind2="4">
    <subfield code="a">EDUCACI&#xD3;N SUPERIOR</subfield>
    <subfield code="z">REP&#xDA;BLICA DOMINICANA</subfield>
  </datafield>
  <datafield tag="910" ind1=" " ind2=" ">
    <subfield code="a">Validado. Control de calidad MFF</subfield>
  </datafield>
  <datafield tag="942" ind1=" " ind2=" ">
    <subfield code="2">ddc</subfield>
    <subfield code="c">BK</subfield>
  </datafield>
  <datafield tag="945" ind1=" " ind2=" ">
    <subfield code="a">Remanejado para la BNPHU / 2018 VM</subfield>
  </datafield>
  <datafield tag="952" ind1=" " ind2=" ">
    <subfield code="0">0</subfield>
    <subfield code="1">0</subfield>
    <subfield code="2">ddc</subfield>
    <subfield code="4">0</subfield>
    <subfield code="7">0</subfield>
    <subfield code="8">CE</subfield>
    <subfield code="a">BPMET</subfield>
    <subfield code="b">BPMET</subfield>
    <subfield code="d">2016-04-18</subfield>
    <subfield code="e">Donaci&#xF3;n</subfield>
    <subfield code="l">0</subfield>
    <subfield code="o">373.6561 B715m  2do.   2003</subfield>
    <subfield code="p">BPMSU16040513</subfield>
    <subfield code="r">2016-04-18</subfield>
    <subfield code="w">2016-04-18</subfield>
    <subfield code="y">BK</subfield>
  </datafield>
  <datafield tag="952" ind1=" " ind2=" ">
    <subfield code="0">0</subfield>
    <subfield code="1">0</subfield>
    <subfield code="2">ddc</subfield>
    <subfield code="4">0</subfield>
    <subfield code="7">0</subfield>
    <subfield code="8">CE</subfield>
    <subfield code="a">BPMET</subfield>
    <subfield code="b">BPMET</subfield>
    <subfield code="d">2016-04-18</subfield>
    <subfield code="e">Donaci&#xF3;n</subfield>
    <subfield code="l">0</subfield>
    <subfield code="o">373.6561 B715m  2do.  2003</subfield>
    <subfield code="p">BPMSU16040514</subfield>
    <subfield code="r">2016-04-18</subfield>
    <subfield code="t">ej. 2</subfield>
    <subfield code="w">2016-04-18</subfield>
    <subfield code="y">BK</subfield>
  </datafield>
  <datafield tag="952" ind1=" " ind2=" ">
    <subfield code="0">0</subfield>
    <subfield code="1">0</subfield>
    <subfield code="2">ddc</subfield>
    <subfield code="4">0</subfield>
    <subfield code="7">0</subfield>
    <subfield code="8">CE</subfield>
    <subfield code="a">BPMET</subfield>
    <subfield code="b">BPMET</subfield>
    <subfield code="d">2016-04-18</subfield>
    <subfield code="e">Donaci&#xF3;n</subfield>
    <subfield code="l">0</subfield>
    <subfield code="o">373.6561 B715m 2do.   2003</subfield>
    <subfield code="p">BPMSU16040515</subfield>
    <subfield code="r">2016-04-18</subfield>
    <subfield code="t">ej. 3</subfield>
    <subfield code="w">2016-04-18</subfield>
    <subfield code="y">BK</subfield>
  </datafield>
  <datafield tag="956" ind1=" " ind2=" ">
    <subfield code="a">Brenda Tav&#xE1;rez</subfield>
  </datafield>
  <datafield tag="999" ind1=" " ind2=" ">
    <subfield code="c">9822</subfield>
    <subfield code="d">9822</subfield>
  </datafield>
</record>
